000 01422cam a22003131i 4500
003 SA-RiAUC
005 20250116083155.0
008 250108s1964 sy a g 00000 ara c
040 _aLebU
_bara
_cSA-RiAUC
_erda
041 1 _aara
_hgrc
082 0 4 _a154.634
_qSA-RiAUC
090 _a154.634
_b ا ف س
100 1 _aالأفسي، أرطاميدورس،
_dقرن 2
_eمؤلف.
245 1 0 _aكتاب تعبير الرؤيا =
_bLe livre des songes /
_cأرطاميدورس الأفسي ؛ نقله من اليونانية إلى العربية حنين بن إسحاق ؛ حققه وقدم له توفيق فهد.
246 3 0 _aتعبير الرؤيا
246 3 1 _aLe livre des songes
264 1 _aدمشق :
_bالمعهد الفرنسي للدراسات العربية،
_c1964
300 _a444 صفحة :
_bإيضاحيات ؛
_c24 سم
336 _aنص
_btxt
_2rdacontent
_3كتاب
337 _aبدون وسيط
_bn
_2rdamedia
338 _aمجلد
_bnc
_2rdacarrier
650 7 _aالرؤيا
_2aucsh
650 7 _aتفسير الأحلام
_2aucsh
700 0 _aحنين بن إسحاق العبادي،
_d194-260 هجري.
_eمعرب.
700 1 _aفهد، ت.
_q(توفيق)،
_d1923-2009
_eمحقق.
700 1 2 _iتحقيق لـ (عمل) :
_aالأفسي، أرطاميدورس،
_dقرن 2.
_tتعبير المنامات.
942 _2ddc
_cBOOK
_n0
949 _aSA-JeALM
_d250108
_umohamedma123
_n1
999 _c4871
_d4871